000 00511nam a2200193 4500
999 _c109
_d109
003 OSt
005 20230221164721.0
008 140701b xxu||||| |||| 00| 0 eng d
020 _a0443039631
040 _c040a
082 _aQS4 G31e 1989
100 _aGer, Ralph; Abrahams, Peter.
_9305
245 _aEssentials of Clinical Anatomy
260 _aEdinburg;
_bChurchill Livingstone,
_c1989
300 _axi, 530 p;
_bill :
_c24 cm .
504 _aincludes index
650 _aAnatomy
_9124
942 _2z
_cO_SHELF